000 00477nam a2200133Ia 4500
003 GCL
008 140319s9999 xx 000 0 ara d
040 _aGCL /
_cGCL
082 0 4 _a52
_bع ر
100 1 _aعبدالله ابراهيم الانصارى
245 1 0 _aالروضة الندية: شرح الدرر البهية /
_cعبدالله ابراهيم الانصارى
260 _a[S.N] :
_bالمكتبة العصرية للنشر والتوزيع ،
_c1987
490 _a
999 _c48483
_d48483